Philosophical investigations
Αποθηκεύτηκε σε:
| Κύριος συγγραφέας: | |
|---|---|
| Άλλοι συγγραφείς: | |
| Μορφή: | Βιβλίο |
| Γλώσσα: | English German |
| Δημοσίευση: |
Oxford :
Basil Blackwell,
1974.
|
| Έκδοση: | 3η εκδ. |
| Θέματα: | |
| Ετικέτες: |
Προσθήκη ετικέτας
Δεν υπάρχουν, Καταχωρήστε ετικέτα πρώτοι!
|
MARC
| LEADER | 00000cam a2200000 i 4500 | ||
|---|---|---|---|
| 001 | 1/26799 | ||
| 008 | 060322s1974 enk| ||| |||| ||eng|| | ||
| 020 | |a 0631146709 | ||
| 035 | |l 10083248 | ||
| 040 | |a GR-MyUA |b gre |e AACR2 | ||
| 041 | 1 | |a eng |h ger | |
| 082 | 0 | |a 192 |2 (2) | |
| 100 | 1 | |a Wittgenstein, Ludwig, |d 1889-1951. | |
| 245 | 1 | 0 | |a Philosophical investigations / |c by Ludwig Wittgenstein ; translated bu G. E. Anscombe. |
| 250 | |a 3η εκδ. | ||
| 260 | |a Oxford : |b Basil Blackwell, |c 1974. | ||
| 300 | |a 250 σ. : |b εικ. ; |c 22 εκ. | ||
| 500 | |a Μετάφραση από τα γερμανικά | ||
| 500 | |a Τίτλος πρωτοτύπου: Philosophische Untersuchungen. | ||
| 504 | |a Περιέχει βιβλιογραφία. | ||
| 650 | 0 | 0 | |a Knowledge, Theory of. |
| 650 | 0 | 0 | |a Logic, Symbolic and mathematical. |
| 650 | 0 | 0 | |a Philosophy, German |y 20th century. |
| 700 | 1 | |a Anscombe, G. E. M. |q (Gertrude Elizabeth Margaret) |e trlf | |
| 852 | |a INST |b LESVOS |e 20060322 |h 192 WIT |p 005100034775 |q 005100034775 |t BK |y 0 | ||
| 901 | |a BIBL1-2006-1 | ||
| 909 | |a Λ |b 126131 | ||
| 970 | |a ΚΑΡΑ |b ΓΙΑΣΕΜΗ |z 2006/03/22 | ||